1519 1214 1006 1886 1825 1078 1425 1464 1563 1040 1864 1992 1027 1758 1502 1914 1400 1582 1903 1173 1282 1096 1678 1212 1825 1934 1434 1024 1533 1786 1033 1054 1828 1840 1104 1458 1265 1094 1113 1182 1560 1627 1039 1456 1433 1607 1942 1899 1298 1500 1752 1789 1511 1959 1190 1562 1257 1745 1840 1869 1443 1739 1137 1154 1377 1838 1612 1145 1510 1747 1245 1450 1498 1799 1395 1611 1143 1223 1989 1716 1032 1493 1179 1767 1743 1390 1823 1490 1034 1658 1957 1268 1619 1380 1871 1972 1649 1547 1103 BCNSPRNW ULIB Ver.6.0+V

เปลี่ยนเป็นภาษาไทย

Change to English
 แสดงรายละเอียดบรรณานุกรม
  กลับหน้าหลัก

Brief Record : Get Marc (ISO 2709) : E-mail record : QR code < ปิดหน้าต่าง
LEADER : 00000nam 2200000uu 4500
001    13399126749
003     ULIB
008    020711s2019 th a 000 0 eng d
020    ^a9781496381347
060    ^aWM18.2^bM972B
100    ^aMurphy, Michael J.
245    ^aBlueprints: Psychiatry
250    ^a6th ed
260    ^aPhiladelphia :^bWolters Kluwer,^c2019
300    ^a231 pages;^c26 cm
650    ^aMental Disorders^xExam Question
650    ^aPsychotropic Drugs^xOutlines
945    ^p1615^l0^i005415
999    ^aประนอม เกษจรัล
รายการนี้ยังไม่มีแท็ก
คุณยังไม่ได้ล็อกอิน คุณสามารถมีกิจกรรมร่วมกับเว็บไซต์ได้ แต่ต้องล็อกอินก่อน ::
  ล็อกอิน

รายการสื่อสารสนเทศ

ลำดับที่ ประเภท เลขเรียก/บาร์โค้ด สถานที่ สถานะ
1. วิทยาศาสตร์การแพทย์ และสุขภาพ
หนังสือสำรอง
สถานะ=หนังสือสำรอง
WM18.2 M972B ฉ.1 
  Barcode: 005415
ห้องสมุดวิทยาเขตสวรรค์ประชารักษ์
►หนังสือทั่วไป
บนชั้น

BibComment


ยังไม่เคยถูกคอมเมนท์

คอมเมนท์ทรัพยากรรายการนี้
  คอมเมนท์: Blueprints Psych..


 Copyright 2026. Bcnsprnw @Library